00000000nam 2200000zi 4500
0019.938348
003CaOODSP
00520241104121503
006m     o  d f      
007cr cn|||||||||
008240515t20232023oncabdo ob   f000 0 eng d
020 |a9780660719740
040 |aCaOODSP|beng|erda|cCaOODSP
043 |an-cn-bc
0861 |aCW69-14/96-2024E-PDF
24500|aCOSEWIC assessment and status report on the rigid apple moss, Bartramia aprica, in Canada.
250 |a[Threatened 2023 edition].
264 1|aOttawa, ON : |bCommittee on the Status of Endangered Wildlife in Canada = Comité sur la situation des espèces en péril au Canada, |c2023.
264 4|c©2023
300 |a1 online resource (xi, 50 pages) : |billustrations, maps, graphs, photographs
336 |atext|btxt|2rdacontent
337 |acomputer|bc|2rdamedia
338 |aonline resource|bcr|2rdacarrier
500 |aCover title.
500 |aIssued also in French under title: Évaluation et rapport de situation du COSEPAC sur la bartramie à feuilles dressées, Bartramia aprica, au Canada.
504 |aIncludes bibliographical references (pages 33-41).
520 |a"This moss occurs in Canada in the Mediterranean climates of southern Vancouver Island and the Gulf Islands. It is restricted to rock outcrops and well-drained, shallow soil in close association with seepages, almost all within imperiled Garry Oak ecosystems. Increased survey effort has shown that the species is more widespread than previously known, reducing its risk of extirpation. However, the population remains small, and habitat loss through climate change, fire and fire suppression, and invasive non-native species continues to threaten the species"--Reason for designation, page iii.
650 0|aRare mosses|zBritish Columbia.
650 0|aRare plants|zBritish Columbia.
7102 |aCommittee on the Status of Endangered Wildlife in Canada, |eissuing body.
77508|tÉvaluation et rapport de situation du COSEPAC sur la bartramie à feuilles dressées, Bartramia aprica, au Canada.|w(CaOODSP)9.938349
795 |tCOSEWIC assessment and status report on the Rigid apple moss, Bartramia stricta, in Canada |b[Endangered 2009 edition]|w(CaOODSP)9.567063
85640|qPDF|s1.87 MB|uhttps://publications.gc.ca/collections/collection_2024/eccc/cw69/CW69-14-96-2024-eng.pdf
8564 |qHTML|sN/A|uhttps://www.canada.ca/en/environment-climate-change/services/species-risk-public-registry/cosewic-assessments-status-reports/rigid-apple-moss-2023.html